00634nam a2200193Ii 450000100060000000300090000600800410001502000150005604000330007104100080010408200170011211001430012924500400027226400350031230000120034733600260035933700280038533800270041319947CO-ViMGA241108s9999||||xx |||||||||||||| ||und|| a9589066380 aCO-ViMGAbspaerdacCO-ViMGA0 aspa04a634.773 I57p1 aInstituto Colombiano Agropecuario. Subgerencia de Prevención y Control. División de Sanidad Vegetal. Unidad Proyectos de Prevención.10aPlagas y enfermedades del plátano 1aBogotá, Colombia : ICA, 1996 avolumen atextbtxt2rdacontent aunmediatedbn2rdamedia avolumebnc2rdacarrier